Suomen kielen sanaluokat - Statistics

Yleistilastot
  • Tätä visaa on pelattu 552 kertaa
  • Keskiarvotulos 5 / 8
Vastaustilastot
Luokittelu Sanaluokka % Oikein
Verbi Verbi
95%
Nomini Adjektiivi
92%
Nomini Substantiivi
91%
Nomini Pronomini
66%
Nomini Numeraali
55%
Taipumaton Adverbi
50%
Taipumaton Partikkeli
37%
Taipumaton Adpositio
14%
Ehtoja vastaavia visoja ei löytynyt
Tulosjakauma
Jokaisen tuloksen saaneiden osuus
Persentiili vastausten määrän mukaan
Tuloshistoriasi
Et ole pelannut tätä visaa